00516 2200193 4500001002100000005001500021035002000036007000300056008004100059020002200100082001600122084002200138100002300160245003300183250001100216260004100227300003400268650002000302INLIS00000000000205420260302111112 a0010-0326000003ta260302 g 0 ind  a978-979-039-286-1 a297.612 019 a297.612 019 DR. k0 aDr. Nashir Al-Umar1 aKELUARGA MODERN TAPI SAKINAH aCet. 1 aSolo :bAqwam Media Profetika,c2013 ax + 176 hlm :b- ;c14 x 20,5 aPsikologi Islam